True Or False - Statistics

General Stats
  • This quiz has been taken 37 times
  • The average score is 13 of 20
Answer Stats
Hint Explanation Answer % Correct
Mauna Kea is the tallest volcano from its base Above sea level, the tallest volcano is Ojos del Salado True
88%
South Sudan is the newest country It gained its independence in 2011 True
88%
Kākāpō have wings They are a critically endangered type of bird with only 252 in the wild. True
83%
In a group of 10 people, there is a 10% chance that 2 people share a birthday This is part of the “birthday problem”, only 23 people are needed for a 50% chance True
75%
Over 35000 people jumping at a Madness concert resulted in a magnitude 4.5 earthquake It happened in 1992, in Finsbury Park when the crowd startied jumping as One Step Beyond played True
71%
Shakespeare’s Globe is the only current building in London with an authentic thatched roof Thatching has been banned in the city of London since 1212 due to it being extremely dangerous, despite this, the Globe still gained approval True
71%
Lautoka is the capital city of Fiji Suva is actually the capital city False
67%
Germany had the most deaths during WW2 The Soviet Union had more, at over 27 million False
67%
The Shawshank Redemption is the #1 movie in the IMDb Top 250 It is technically tied with The Godfather, but is still ranked at #1 True
67%
The white part of a fingernail is a lunula It translates to little moon in Latin True
67%
Neanderthal had bigger brains than modern humans They weren’t as developed, but definitely bigger True
67%
The creator of Family Guy also voices Mike in “Sing” Seth MacFarlane also voices Ted in “Ted” True
67%
The Wii U is the least sold Nintendo console The Game Boy Micro only sold 2.5 million, compared to the Wii U’s 13 million False
63%
Basshunter’s song “DoTA” is about the video game of the same name The song also received an English version, not about DoTA this time. True
58%
The Great Wall of China is visible from the moon It’s only visible from 180 miles up False
50%
Graggle Simpson is a Simpsons character The common hoax first appeared in 2015, previously being known as Gumbly Simpson False
50%
The Vatican City has the lowest population density of any country Mongolia has the lowest population density False
46%
Moshi Monsters had more than 100 million registered users The game reached 80 million users before closing in late 2019 False
46%
Club Penguin shut down in 2015 It shut down in 2017, being replaced by Club Penguin Island False
38%
There are more Five Nights At Freddy’s games than Five Nights At Freddy’s books There are 13 games (including spin-offs) but over 23 books, with 4 already announced for next year! False
25%
No matching quizzes found
Score Distribution
Percent of People with Each Score
Percentile by Number Answered
Your Score History
You have not taken this quiz